000 00278nam a2200109Ia 4500
008 190216s9999||||xx |||||||||||||| ||und||
100 _aVarma M M & Agarwal R K
245 0 _aOrganisation And Management
260 _bSulthan Chand&Sons
_c1998
300 _a280+62
942 _cBK
999 _c4916
_d4916